100 mots aléatoire Harry potter #3 - Statistiques

Statistiques générales
  • Ce quiz a été pris 46 fois
  • Le résultat moyen est 32 sur 100
Statistiques - réponses
Réponse % Correct
Harry
90%
s'
90%
et
85%
Hermione
85%
à
80%
l'
80%
le
75%
Le
75%
du
70%
la
70%
t-
68%
de
63%
les
60%
ne
60%
des
58%
ils
58%
Ils
58%
—Je
58%
en
55%
qui
53%
que
48%
une
45%
pour
43%
dans
40%
au
38%
nous
33%
avec
30%
étaient
28%
Malefoy
28%
plus
28%
avait
25%
être
23%
y
23%
escalier.
20%
monde
20%
Tout
20%
avoir
18%
dragon,
18%
dragon
18%
autres
13%
leur
13%
main
13%
peut-
13%
puis
13%
rien
13%
Rusard
13%
attendait
10%
bien
10%
marches.
10%
allons
8%
crois
8%
ennuis,
8%
attacher
5%
bas
5%
débarrassés
5%
gens,
5%
jeunes
5%
pouvait
5%
bras
3%
chaleureusement.
3%
ciel
3%
éloigner
3%
loin.
3%
murmura-
3%
poignées
3%
punition,
3%
redescendirent
3%
remerciant
3%
Sauf
3%
silhouette
3%
bientôt
0%
boite
0%
bonheur.
0%
coeur
0%
disparaître
0%
échangèrent
0%
gâcher
0%
léger
0%
libres,
0%
mit
0%
récolté
0%
soigneusement
0%
virent
0%
Aucun quiz correspondant
Distribution des résultats
% des personnes avec chaque résultat
Percentile par nombre de réponses
Votre historique - résultats
Vous n’avez pas pris ce quiz